Comedias escogidas de Agustín Moreto y Cabaña

Salvato in:
Dettagli Bibliografici
Autore principale: Fernández-Guerra y Orbe, Luis (Autore)
Natura: Libro
Lingua:spagnolo
Pubblicazione: Madrid Atlas 1950
Serie:Biblioteca de Autores Españoles, 39
Soggetti:
Tags: Aggiungi Tag
Nessun Tag, puoi essere il primo ad aggiungerne!!

MARC

LEADER 00000nam a2200000 a 4500
001 UCX5550
003 CL-VaPUC
005 20241121151338.0
008 921125e19500000SP |||||||||||||||||spa|d
999 |c 225767  |d 225765 
040 |c Pontificia Universidad Católica de Valparaíso 
082 0 4 |a 862  |b FER  |2 21 
100 0 |a Fernández-Guerra y Orbe, Luis  |e author  |9 321838 
245 1 0 |a Comedias escogidas de Agustín Moreto y Cabaña 
260 |a Madrid  |b Atlas  |c 1950 
300 |a 654 p 
490 0 |a Biblioteca de Autores Españoles, 39 
583 |a last modification  |c 19921125 00:00:00  |k Rodrigo Vera 
600 |a Moreto y Cabaña, Agustín,  |d 1618-1669  |9 868556 
650 0 |a Dramas españoles  |9 267081 
650 7 |a COMEDIAS ESPAÑOLAS  |2 CL-VaPUC  |9 321840 
942 |c BK  |2 ddc 
945 |d 19921125 00:00:00 
952 |0 0  |1 0  |4 0  |6 862_000000000000000_FER_1950  |7 0  |8 A  |9 223565  |a FDOPOS  |b FDOPOS  |d 2019-11-15  |i 2923998  |o 862 FER 1950  |p 2923998  |r 2025-01-22  |w 2019-11-15  |y BK  |k MLH